[Event "7th Amplico AIG Life S/F"]
[Site "Warsaw POL"]
[Date "2007.12.16"]
[Round "1"]
[White "Moranda, W."]
[Black "Markowski, T."]
[Result "1/2-1/2"]
[WhiteElo "2533"]
[BlackElo "2584"]
[PlyCount "66"]
[EventDate "2007.12.16"]
[Source "www.chesslib.no"]
[SourceDate "2004.05.04"]

1. d4 c5 2. d5 d6 3. c4 e5 4. e4 Be7 5. g3 Bg5 6. Nc3 Bxc1 7. Rxc1 Nh6 8. Bg2 O-O 9. Nge2 f5 10. f4 Nd7 11. O-O Qe7 12. Qd2 Nf6 13. exf5 Nxf5 14. Rce1 Bd7 15. Nc1 Rae8 16. Nd3 Ng4 17. fxe5 Nxe5 18. Nxe5 dxe5 19. Ne4 Nd6 20. Rxf8+ Rxf8 21. Nxd6 Qxd6 22. Qg5 Bf5 23. b3 h6 24. Qe3 Re8 25. Rf1 Rf8 26. Be4 Bd7 27. Rxf8+ Kxf8 28. Bd3 b6 29. Be4 Qf6 30. Kg2 Ke7 31. a3 a5 32. Bc2 Kd6 33. b4 axb4 1/2-1/2

[Event "tt"]
[Site "Sofia tt"]
[Date "1979.??.??"]
[Round "?"]
[White "Kavalek, Lubomir"]
[Black "Radulov, Ivan G"]
[Result "1-0"]
[WhiteElo "2590"]
[BlackElo "2485"]
[PlyCount "99"]
[EventDate "1979.??.??"]
[Source "www.chesslib.no"]
[SourceDate "2004.05.04"]

1. c4 g6 2. d4 c5 3. d5 e5 4. e4 d6 5. Nc3 Bg7 6. Be2 f5 7. h4 Nf6 8. h5 f4 9. g3 Qe7 10. Nh3 Bxh3 11. Rxh3 g5 12. a3 h6 13. b4 Nbd7 14. Rb1 O-O 15. g4 Rfc8 16. f3 Nb6 17. Qb3 cxb4 18. axb4 Nxc4 19. Bxc4 Qc7 20. Nb5 Qxc4 21. Qxc4 Rxc4 22. Nxd6 Rc3 23. Bd2 Ra3 24. Ke2 Bf8 25. Nc4 Ra2 26. Rb2 Ra1 27. Rh2 Rc8 28. Na5 Nd7 29. Rf2 Nb6 30. Rf1 Ra3 31. Rc1 Rxc1 32. Bxc1 Bxb4 33. Nxb7 Ra1 34. Rxb4 Rxc1 35. d6 Nd7 36. Ra4 Rc2+ 37. Ke1 Rc3 38. Kf2 Rc2+ 39. Kf1 Rc3 40. Kf2 Rc2+ 41. Ke1 Rc3 42. Rxa7 Rxf3 43. Na5 Re3+ 44. Kf1 Nc5 45. d7 Nxd7 46. Rxd7 Rxe4 47. Nc6 f3 48. Ne7+ Kf8 49. Nf5 Ke8 50. Nd6+ 1-0

[Event "Reykjavik"]
[Site "?"]
[Date "1980.??.??"]
[Round "?"]
[White "Sosonko Gennadi P"]
[Black "Torre Eugenio"]
[Result "1/2-1/2"]
[WhiteElo "2545"]
[BlackElo "2520"]
[PlyCount "73"]
[EventDate "1980.??.??"]
[Source "www.chesslib.no"]
[SourceDate "2004.05.04"]

1. d4 c5 2. d5 d6 3. c4 e5 4. Nc3 Be7 5. g3 Bg5 6. e3 f5 7. Bh3 Nh6 8. Nf3 Nf7 9. e4 Bxc1 10. Rxc1 fxe4 11. Bxc8 Qxc8 12. Nxe4 O-O 13. O-O Qf5 14. Re1 Na6 15. a3 h6 16. Nh4 Qd7 17. Qh5 Nh8 18. h3 Rad8 19. Qg4 b6 20. b3 Rf7 21. Ng2 Qxg4 22. hxg4 Rb7 23. Nc3 Nf7 24. Ne3 Nc7 25. b4 Ne8 26. Rb1 Rc7 27. Kg2 Nf6 28. Nb5 Rb7 29. f3 g6 30. Nc3 Rc7 31. Rb2 Rdc8 32. Ra1 Ng5 33. a4 cxb4 34. Rxb4 Rf7 35. f4 exf4 36. gxf4 Nge4 37. Nxe4 1/2-1/2

[Event "Camp. spagnolo a squadre - Gruppo II"]
[Site "Sabadell SPA"]
[Date "2008.09.03"]
[Round "1"]
[White "Brunello, S."]
[Black "Shengelia, D."]
[Result "1-0"]
[WhiteElo "2482"]
[BlackElo "2569"]
[PlyCount "81"]
[EventDate "2008.09.03"]
[Source "www.chesslib.no"]
[SourceDate "2004.05.04"]

1. d4 c5 2. d5 g6 3. c4 e5 4. e4 d6 5. Nc3 Bg7 6. Bd3 Ne7 7. h4 f5 8. h5 f4 9. hxg6 Nxg6 10. Be2 Nd7 11. Bg4 Nf6 12. Bxc8 Qxc8 13. Qf3 h5 14. a4 Qg4 15. Qh3 Bh6 16. Nf3 Kd7 17. a5 a6 18. Ke2 Rag8 19. Bd2 Kc7 20. Kd3 Ne7 21. Nh4 Bg5 22. Nf3 Bh6 23. Rag1 Rh7 24. Nh4 Bg5 25. Nf3 Bh6 26. Nh4 Rhg7 27. f3 Qxh3 28. Rxh3 Kd7 29. Be1 Rg5 30. Rh2 Bf8 31. Ne2 Bh6 32. b4 cxb4 33. Bxb4 Rc8 34. Rb1 Rgg8 35. Ba3 Rc7 36. c5 dxc5 37. Rb6 c4+ 38. Kc2 Bg5 39. Bxe7 Bxh4 40. Bxf6 Bf2 41. Rb1 1-0

[Event "Biel (open) 82/47"]
[Site "?"]
[Date "2001.??.??"]
[Round "?"]
[White "Mikhalevski, V."]
[Black "Markowski, T."]
[Result "0-1"]
[WhiteElo "2501"]
[BlackElo "2548"]
[PlyCount "150"]
[EventDate "2001.??.??"]
[Source "Chess Informant"]
[SourceDate "2001.06.01"]

1. d4 d6 2. Nf3 g6 3. c4 Bg7 4. e4 c5 5. d5 e5 6. Nc3 f5 7. Qa4+ Bd7 8. Qb3 Qb6 9. Qc2 Nf6 10. Bd3 Na6 11. a3 f4 12. g3 Nh5 13. gxf4 exf4 14. Bd2 O-O 15. Rg1 Nf6 16. h3 Rae8 17. O-O-O Bxh3 18. Ng5 Bd7 19. Nxh7 Nxh7 20. Rxg6 Rf7 21. e5 Rxe5 22. Rdg1 Nf8 23. R6g2 Qd8 24. Ne4 Bh3 25. Rh2 Bf5 26. Ng5 Rf6 27. Bc3 Bxd3 28. Qxd3 Rg6 29. Bxe5 Rxg5 30. Rxg5 Qxg5 31. Bxg7 Kxg7 32. Qh3 f3+ 33. Kc2 Qf4 34. Qh8+ Kf7 35. Rh4 Qf5+ 36. Kc3 Nb8 37. Qh5+ Kf6 38. Qh8+ Ke7 39. Qg7+ Ke8 40. Rh6 Nbd7 41. Rxd6 Ne5 42. Kb3 Qd3+ 43. Ka2 Qxc4+ 44. Ka1 Nf7 45. Rf6 Qxd5 46. Qg4 Nd7 47. Rxf3 Nfe5 48. Qh5+ Kd8 49. Rg3 Qd4 50. Qf5 Kc7 51. f4 Nc6 52. Rd3 Qg1+ 53. Ka2 Nd4 54. Qd5 Qc1 55. Qe4 Qc4+ 56. Kb1 a5 57. Rc3 Qf1+ 58. Rc1 Qf2 59. Ka2 a4 60. Qe7 b6 61. Qe4 Qd2 62. Rf1 c4 63. Qd5 Qd3 64. Rc1 Nc2 65. Qxd3 cxd3 66. b4 Nf6 67. Kb2 Nd5 68. f5 Kd6 69. Rd1 Nce3 70. Rxd3 Ke5 71. b5 Nxf5 72. Rd1 Nfe3 73. Rc1 Kd4 74. Rc8 Nc4+ 75. Kc1 Kc3 0-1

[Event "Horgen SKA"]
[Site "Horgen"]
[Date "1994.??.??"]
[Round "5"]
[White "Schlosser, Philipp"]
[Black "Hickl, Joerg"]
[Result "1/2-1/2"]
[WhiteElo "2510"]
[BlackElo "2535"]
[PlyCount "101"]
[EventDate "1994.09.??"]
[Source "ChessBase"]

1. d4 d6 2. e4 g6 3. c4 e5 4. d5 c5 5. Nc3 a6 6. Bd3 h5 7. Nge2 Bh6 8. O-O Nd7 9. a3 Kf8 10. b4 Kg7 11. Rb1 Bxc1 12. Nxc1 Ngf6 13. Be2 b6 14. Nd3 Ra7 15. Qd2 Qe7 16. f3 Rc7 17. bxc5 bxc5 18. Na4 Rb7 19. Qa5 Qd8 20. Qxd8 Rxd8 21. Kf2 h4 22. Rfc1 Nh5 23. g3 hxg3+ 24. hxg3 Nhf6 25. Ke3 Rc7 26. Rh1 Nh5 27. Kf2 Rh8 28. Nc3 Rb7 29. Rxb7 Bxb7 30. Rb1 Bc8 31. f4 f6 32. Kg2 exf4 33. gxf4 g5 34. fxg5 fxg5 35. Bxh5 Rxh5 36. a4 Rh4 37. a5 Kf6 38. Rf1+ Ke7 39. Rh1 Rxh1 40. Kxh1 Kf6 41. e5+ Nxe5 42. Ne4+ Ke7 43. Nxe5 dxe5 44. Nxc5 Bf5 45. Nxa6 Bd3 46. Nb4 Bxc4 47. a6 Bxa6 48. Nxa6 Kd6 49. Nb4 e4 50. Kg2 g4 51. Kf2 1/2-1/2

[Event "Jurmala"]
[Site "Jurmala"]
[Date "1978.??.??"]
[Round "6"]
[White "Knaak, Rainer"]
[Black "Ermenkov, Evgenij"]
[Result "1-0"]
[WhiteElo "2520"]
[BlackElo "2520"]
[PlyCount "82"]
[EventDate "1978.??.??"]
[Source "www.chesslib.no"]
[SourceDate "2004.05.04"]

1. d4 g6 2. c4 Bg7 3. Nc3 c5 4. d5 e5 5. e4 d6 6. Be2 f5 7. exf5 gxf5 8. Bh5+ Kf8 9. Nf3 Bf6 10. h3 Nd7 11. O-O Kg7 12. Nh2 Ne7 13. f4 Ng6 14. g4 Nxf4 15. gxf5 Rf8 16. Ne4 Qe7 17. Kh1 Kh8 18. Qf3 b5 19. Bxf4 exf4 20. Nxf6 Rxf6 21. Qxf4 Ne5 22. Qh4 bxc4 23. Ng4 Nxg4 24. hxg4 Bb7 25. Rae1 Bxd5+ 26. Kh2 Qg7 27. g5 Rg8 28. Bg6 Rxg6 29. fxg6 Qxg6 30. Re7 Rb8 31. Rf2 Re8 32. Rxe8+ Qxe8 33. Qf4 Kg8 34. Kg3 Bf7 35. Kh4 d5 36. Qf3 d4 37. Re2 Qd8 38. Qf6 Qa8 39. Kg3 d3 40. Re7 Qd5 41. Rc7 Qe6 1-0

[Event "World Open"]
[Site "Philadelphia, PA USA"]
[Date "1990.??.??"]
[Round "4"]
[White "Browne, Walter S"]
[Black "Dvoretzky, Mark"]
[Result "1-0"]
[WhiteElo "2560"]
[BlackElo "2470"]
[PlyCount "120"]
[EventDate "1990.06.??"]
[Source "www.chesslib.no"]
[SourceDate "2004.05.04"]

1. d4 c5 2. d5 e5 3. c4 d6 4. e4 Be7 5. Nf3 Bg4 6. Nbd2 Bg5 7. Qa4+ Bd7 8. Qb3 Bc8 9. Nxg5 Qxg5 10. g3 Qe7 11. Bg2 Nf6 12. O-O O-O 13. f4 Na6 14. Qc3 Ne8 15. Nf3 f6 16. f5 Nec7 17. g4 Kf7 18. g5 Ke8 19. b3 Kd8 20. Be3 Bd7 21. a3 Be8 22. b4 b6 23. gxf6 gxf6 24. Ne1 Bh5 25. Ra2 Rg8 26. Nd3 Ne8 27. Kh1 Qc7 28. a4 Rb8 29. b5 Nb4 30. Nxb4 cxb4 31. Qxb4 Rc8 32. Rc1 Rxg2 33. Rxg2 Bf3 34. Kg1 Bxg2 35. Kxg2 Qg7+ 36. Kf3 Qf7 37. Ke2 Qh5+ 38. Kd3 Qxh2 39. a5 Ke7 40. axb6 axb6 41. Ra1 Qh3 42. Qe1 h5 43. Qh1 Qxh1 44. Rxh1 Ng7 45. Bxb6 Ra8 46. Be3 Ra3+ 47. Kd2 Ra2+ 48. Kd3 Ra3+ 49. Ke2 Kd7 50. Bh6 Ne8 51. Rxh5 Rc3 52. Bd2 Rxc4 53. Rh7+ Kc8 54. b6 Rxe4+ 55. Kd1 Rd4 56. Re7 Rxd5 57. Rxe8+ Kb7 58. Ke2 Kxb6 59. Re6 Kc6 60. Rxf6 Rb5 1-0

[Event "Buenos Aires ol (Men)"]
[Site "Buenos Aires"]
[Date "1978.??.??"]
[Round "?"]
[White "Stean, Michael"]
[Black "Ermenkov, Evgenij"]
[Result "1-0"]
[WhiteElo "2510"]
[BlackElo "2520"]
[PlyCount "81"]
[EventDate "1978.10.??"]
[Source "www.chesslib.no"]
[SourceDate "2004.05.04"]

1. c4 g6 2. d4 Bg7 3. Nc3 c5 4. d5 e5 5. e4 d6 6. h4 Nf6 7. g3 a6 8. a4 Nbd7 9. Bh3 Rb8 10. Kf1 Qe7 11. Kg2 O-O 12. Nf3 Nb6 13. Bxc8 Rfxc8 14. Qe2 Na8 15. Bd2 b6 16. Ne1 Nc7 17. Nc2 a5 18. h5 Nxh5 19. Rxh5 gxh5 20. Rh1 Bf8 21. Qxh5 f6 22. Ne3 Qf7 23. Qxf7+ Kxf7 24. Rxh7+ Kg8 25. Rh1 Rb7 26. Nf5 Ne8 27. Nb5 Rh7 28. Ra1 Rd8 29. Ra3 Rdd7 30. Rb3 Rb7 31. g4 Rbd7 32. Nc3 Rb7 33. Nb5 Rbd7 34. Nc3 Rb7 35. Ne2 Ng7 36. Neg3 Nxf5 37. exf5 Rh4 38. f3 Rhh7 39. Ne4 Rhf7 40. f4 exf4 41. Bxf4 1-0

[Event "Zonale 2.3"]
[Site "Santo Domingo DOM"]
[Date "2007.05.31"]
[Round "3"]
[White "Leon Hoyos, M."]
[Black "Gonzalez Zamora, J."]
[Result "1-0"]
[WhiteElo "2454"]
[BlackElo "2537"]
[PlyCount "65"]
[EventDate "2007.05.30"]
[Source "www.chesslib.no"]
[SourceDate "2004.05.04"]

1. d4 c5 2. d5 e5 3. c4 d6 4. Nc3 g6 5. h4 h5 6. g3 Bh6 7. Bh3 Nd7 8. e4 a6 9. Nge2 Bxc1 10. Qxc1 Ngf6 11. O-O Nb6 12. Bxc8 Qxc8 13. b3 Qh3 14. f3 O-O-O 15. Nd1 Rdg8 16. b4 Na4 17. Nf2 Qd7 18. Nd3 g5 19. hxg5 h4 20. g4 Nh7 21. bxc5 Nxc5 22. Nxc5 dxc5 23. Qa3 Nxg5 24. Qxc5+ Kb8 25. Rab1 Rh6 26. Qe3 Rf6 27. Kh1 Rgg6 28. c5 Ka8 29. c6 bxc6 30. Rb6 Qa7 31. Qc5 Rd6 32. Rfb1 Nxf3 33. dxc6 1-0

[Event "URS-FL"]
[Site "Baku"]
[Date "1977.??.??"]
[Round "9"]
[White "Bagirov, Vladimir"]
[Black "Razuvaev, Yuri S"]
[Result "0-1"]
[WhiteElo "2480"]
[BlackElo "2510"]
[PlyCount "106"]
[EventDate "1977.??.??"]
[Source "ChessBase"]

1. d4 g6 2. c4 Bg7 3. Nc3 c5 4. d5 e5 5. e4 d6 6. Be2 f5 7. exf5 gxf5 8. Bh5+ Kf8 9. Nf3 Bf6 10. g4 e4 11. Ng1 Nd7 12. gxf5 Bxc3+ 13. bxc3 Ne5 14. h4 Bxf5 15. Ne2 Nd3+ 16. Kf1 Qf6 17. Be3 Bg6 18. Ng3 Re8 19. Be2 h5 20. Kg2 Nf4+ 21. Bxf4 Qxf4 22. Qc1 Qxc1 23. Raxc1 Nf6 24. Rhg1 Kg7 25. Kh3 Kh6 26. Rg2 Re5 27. Rcg1 Be8 28. Nf1 Bd7+ 29. Kh2 Ng4+ 30. Bxg4 hxg4 31. Ne3 Kg6 32. Kg3 Kh5 33. Rb1 b6 34. a4 Re7 35. a5 bxa5 36. Rb7 Rf7 37. Rxa7 a4 38. Kh2 Rhf8 39. Kg1 Kxh4 40. Ra6 Rf6 41. Ra7 R6f7 42. Ra6 Rb8 43. Rh2+ Kg5 44. Rxd6 Rb1+ 45. Kg2 Rb2 46. Kg1 a3 47. Ra6 g3 48. fxg3 Rxh2 49. Kxh2 Rf2+ 50. Kg1 Re2 51. Rxa3 Rxe3 52. Ra5 Rxg3+ 53. Kf2 Kf4 0-1

[Event "32nd TCh-GRE"]
[Site "Kallithea Chalkidiki"]
[Date "2003.07.07"]
[Round "4"]
[White "Hellsten, Johan"]
[Black "Managadze, Nikoloz"]
[Result "1-0"]
[WhiteElo "2511"]
[BlackElo "2474"]
[PlyCount "83"]
[EventDate "2003.07.04"]
[Source "Roberto Alvarez"]
[SourceDate "2003.07.14"]

1. d4 c5 2. d5 e5 3. Nc3 d6 4. e4 a6 5. a4 g6 6. Be2 Bg7 7. Nf3 Nf6 8. Nd2 Nbd7 9. Nc4 Nb6 10. Ne3 Nbd7 11. O-O O-O 12. Ra3 b6 13. Nc4 Ne8 14. Kh1 f5 15. exf5 gxf5 16. f4 exf4 17. Bxf4 Ne5 18. Rb3 Nxc4 19. Bxc4 Nf6 20. Bg5 Qc7 21. Bxf6 Bxf6 22. Ne2 Be5 23. Nf4 Bxf4 24. Rxf4 Rb8 25. Rg3+ Kh8 26. Qe1 Qf7 27. Qc3+ Qf6 28. Qxf6+ Rxf6 29. Re3 b5 30. axb5 axb5 31. Re8+ Kg7 32. Bd3 c4 33. Bxf5 Ra8 34. g4 Ra1+ 35. Kg2 Bxf5 36. gxf5 Ra2 37. Re7+ Rf7 38. f6+ Kg6 39. Rg4+ Kxf6 40. Re6+ Kf5 41. Kf3 Raa7 42. h4 1-0

[Event "ch-Kiev"]
[Site "Kiev"]
[Date "2004.01.30"]
[Round "11"]
[White "Malakhatko, Vadim"]
[Black "Kislinsky, Alexey"]
[Result "1-0"]
[WhiteElo "2543"]
[BlackElo "2441"]
[PlyCount "159"]
[EventDate "2004.01.16"]
[Source "Roberto Alvarez"]
[SourceDate "2004.02.09"]

1. d4 c5 2. d5 d6 3. c4 e5 4. e4 g6 5. Nc3 Bg7 6. Bd3 Nd7 7. h4 Ngf6 8. Bg5 h6 9. Bd2 Nh5 10. g3 O-O 11. Be2 Ndf6 12. Kf1 Bd7 13. Kg2 a6 14. a4 a5 15. Nh3 Qc8 16. Ra3 b6 17. Rb3 Rb8 18. Qc1 Kh7 19. f3 Ne8 20. g4 Nhf6 21. h5 gxh5 22. Nf2 Rg8 23. Kf1 Bf8 24. Nb5 Rb7 25. Ra3 Rg6 26. gxh5 Rg3 27. f4 Nxe4 28. Nxe4 Bh3+ 29. Ke1 Rxa3 30. bxa3 Bg2 31. Qc2 f5 32. Bg4 Kh8 33. Rg1 Bxe4 34. Qxe4 fxg4 35. fxe5 dxe5 36. Qxg4 Qxg4 37. Rxg4 Rg7 38. Re4 Rg1+ 39. Kf2 Rh1 40. Rxe5 Nf6 41. Rf5 Bg7 42. d6 Rh2+ 43. Ke1 Rh1+ 44. Ke2 Rh2+ 45. Kd3 Rh3+ 46. Kc2 Rh2 47. Re5 Kg8 48. Re6 Rf2 49. Kd3 Nd7 50. Re8+ Bf8 51. Be3 Rf6 52. Rd8 Ne5+ 53. Ke4 Nf7 54. Rb8 Re6+ 55. Kf3 Nxd6 56. Nxd6 Rxd6 57. Bf4 Rf6 58. Ke4 Kf7 59. Rb7+ Be7 60. Be5 Rf1 61. Rxb6 Re1+ 62. Kd5 Rd1+ 63. Kc6 Rh1 64. Kb5 Rxh5 65. Bf4 Bf8 66. Kxa5 Rh4 67. Bd2 h5 68. Kb5 Rh3 69. a5 Rxa3 70. a6 h4 71. Bf4 h3 72. Kc6 Bh6 73. Bc7 Bd2 74. Bb8 Ba5 75. Rb1 Bc7 76. Bxc7 Rxa6+ 77. Kxc5 Ke8 78. Rd1 Rg6 79. Rd2 Rg7 80. Bh2 1-0

[Event "Kurgan"]
[Site "Kurgan"]
[Date "1993.??.??"]
[Round "?"]
[White "Temirbaev, Serik"]
[Black "Rashkovsky, Nukhim N"]
[Result "1/2-1/2"]
[WhiteElo "2450"]
[BlackElo "2530"]
[PlyCount "26"]
[EventDate "1993.12.??"]
[Source "ChessBase"]

1. d4 c5 2. d5 e5 3. c4 d6 4. e4 g6 5. Nc3 Bh6 6. Bxh6 Nxh6 7. Qd2 Ng4 8. f3 Nf6 9. Bd3 Na6 10. Nge2 Nc7 11. O-O O-O 12. Ng3 Nce8 13. Be2 Qe7 1/2-1/2

[Event "Cappelle la Grande op"]
[Site "Cappelle la Grande"]
[Date "1998.02.27"]
[Round "8"]
[White "Shneider, Aleksandr"]
[Black "Delemarre, Jop"]
[Result "1-0"]
[WhiteElo "2560"]
[BlackElo "2420"]
[PlyCount "77"]
[EventDate "1998.02.21"]
[Source "www.chesslib.no"]
[SourceDate "2004.05.04"]

1. d4 c5 2. d5 e5 3. Nc3 d6 4. e4 a6 5. Nf3 Be7 6. h3 b5 7. g4 Nd7 8. a4 b4 9. Ne2 h5 10. g5 h4 11. Be3 a5 12. Nc1 Nb6 13. Bb5+ Bd7 14. Qe2 Qc8 15. Nb3 Bd8 16. Nxc5 dxc5 17. Nxe5 Ne7 18. Nxd7 Nxd7 19. Qg4 Rb8 20. f4 c4 21. Bd4 Bb6 22. Bxg7 Rg8 23. Be5 Rb7 24. Bd6 Bd4 25. O-O-O Bc5 26. e5 c3 27. Bxe7 cxb2+ 28. Kb1 Rxb5 29. axb5 b3 30. cxb3 Bxe7 31. d6 Bd8 32. e6 fxe6 33. Qxe6+ Kf8 34. Rhe1 Kg7 35. Qh6+ Kf7 36. Qh7+ Rg7 37. Qf5+ Kg8 38. Re8+ Nf8 39. Rxf8# 1-0

[Event "TESCO op 4"]
[Site "Prievidza"]
[Date "1997.??.??"]
[Round "9"]
[White "Ftacnik, Lubomir"]
[Black "Mrva, Martin"]
[Result "0-1"]
[WhiteElo "2585"]
[BlackElo "2395"]
[PlyCount "129"]
[EventDate "1997.09.06"]
[Source "www.chesslib.no"]
[SourceDate "2004.05.04"]

1. d4 c5 2. d5 e5 3. c4 d6 4. e4 Be7 5. g3 Bg5 6. Nd2 Nf6 7. Ngf3 Bh6 8. Bg2 b5 9. O-O a6 10. Qe2 O-O 11. b3 Nbd7 12. a4 bxa4 13. bxa4 a5 14. Nb1 Bxc1 15. Rxc1 Nb6 16. Nfd2 Bg4 17. f3 Bd7 18. Nc3 Ne8 19. f4 exf4 20. gxf4 Qh4 21. Rab1 Ra6 22. Qf3 f5 23. Qg3 Qh6 24. exf5 Bxf5 25. Rf1 Nf6 26. Nb5 Bd7 27. Qg5 Qh5 28. Nxd6 Qe2 29. N6e4 Nxe4 30. Nxe4 Nxc4 31. Rbe1 Qb2 32. d6 Bf5 33. Kh1 Nxd6 34. Nxc5 Ra7 35. Re7 Rxe7 36. Qxe7 Qd4 37. Ne6 Bxe6 38. Qxe6+ Nf7 39. Qc6 h6 40. Qb5 Qc3 41. Bd5 Kh8 42. Bxf7 Qc2 43. Bd5 Qd2 44. Qc5 Re8 45. Bg2 Rd8 46. f5 Qg5 47. Qxa5 Rd2 48. Qa8+ Kh7 49. Qe4 Kh8 50. f6 gxf6 51. Rb1 Rd8 52. Qf3 h5 53. Rf1 Rf8 54. Qf5 Kg7 55. Qxg5+ fxg5 56. Rxf8 Kxf8 57. a5 h4 58. a6 g4 59. a7 h3 60. a8=Q+ Ke7 61. Bd5 g3 62. Qb7+ Kd6 63. Qc6+ Ke5 64. Bf3 g2+ 65. Kg1 0-1

[Event "32nd olm Yerevan ARM"]
[Site "?"]
[Date "1996.??.??"]
[Round "?"]
[White "Novikov, I."]
[Black "Orr, M."]
[Result "1/2-1/2"]
[WhiteElo "2585"]
[BlackElo "2365"]
[PlyCount "105"]
[EventDate "1996.??.??"]
[Source "www.chesslib.no"]
[SourceDate "2004.05.04"]

1. d4 c5 2. d5 e5 3. c4 d6 4. Nc3 Be7 5. Nf3 Bg4 6. g3 Nf6 7. e4 O-O 8. h3 Bd7 9. Bd3 Na6 10. Be3 Nc7 11. Qd2 a6 12. a4 b5 13. b3 bxa4 14. Nxa4 Nb5 15. Qc2 Nd4 16. Nxd4 cxd4 17. Bd2 a5 18. Kf1 Qc7 19. Kg2 Rfb8 20. Ra3 Ra7 21. Nb2 h5 22. f3 Bc8 23. Nd1 Nd7 24. Nf2 Nc5 25. Rha1 Rba8 26. R1a2 Bd8 27. Qd1 Qd7 28. Bf1 h4 29. g4 Bb6 30. Bg5 Bd8 31. Bxd8 Qxd8 32. b4 Nd7 33. Qd2 f6 34. Nd3 Qc7 35. c5 axb4 36. Rxa7 Rxa7 37. c6 Rxa2 38. Qxa2 Nf8 39. Nxb4 Ng6 40. Nd3 Kf7 41. Qa8 Ne7 42. Qa3 g5 43. Nb2 Ng6 44. Nc4 Ke7 45. Qb4 Ba6 46. Kf2 Bxc4 47. Bxc4 Kd8 48. Qa3 Ne7 49. Qa8+ Qc8 50. Qa5+ Qc7 51. Qa8+ Qc8 52. Qa5+ Qc7 53. Qa8+ 1/2-1/2

[Event "Hannover"]
[Site "Hannover"]
[Date "1983.??.??"]
[Round "6"]
[White "Kavalek, Lubomir"]
[Black "Bouaziz, Slim"]
[Result "1/2-1/2"]
[WhiteElo "2560"]
[BlackElo "2390"]
[PlyCount "63"]
[EventDate "1983.08.??"]
[Source "ChessBase"]

1. d4 Nf6 2. Nc3 c5 3. d5 e5 4. e4 d6 5. Bb5+ Nfd7 6. a4 Be7 7. Nf3 O-O 8. a5 Na6 9. Be2 Nf6 10. Nd2 Nc7 11. O-O Bd7 12. Nc4 Nb5 13. Nxb5 Bxb5 14. f3 Ne8 15. Be3 Bg5 16. Bf2 g6 17. b4 cxb4 18. Qe1 b3 19. cxb3 Nc7 20. Qb4 Qd7 21. Ra2 Rfd8 22. Na3 Bxe2 23. Rxe2 Ne8 24. Nb5 a6 25. Na3 f5 26. Nc4 Qb5 27. Be1 Nc7 28. Qa3 fxe4 29. fxe4 Qd7 30. Qb2 Rf8 31. Ref2 Qe7 32. Rxf8+ 1/2-1/2

[Event "Luzern ol (Men)"]
[Site "Lucerne SUI"]
[Date "1982.??.??"]
[Round "3"]
[White "Hort, Vlastimil"]
[Black "Santos, Luis M"]
[Result "1-0"]
[WhiteElo "2590"]
[BlackElo "2360"]
[PlyCount "63"]
[EventDate "1982.10.??"]
[Source "www.chesslib.no"]
[SourceDate "2004.05.04"]

1. d4 c5 2. d5 g6 3. e4 e5 4. Nc3 d6 5. Be2 h5 6. Nf3 Bh6 7. h4 Kf8 8. a4 Na6 9. Nb5 Bxc1 10. Qxc1 Nf6 11. Ng5 Nc7 12. f4 Nfe8 13. fxe5 dxe5 14. Qe3 Nxb5 15. axb5 b6 16. O-O f6 17. Rad1 Qd6 18. Bc4 Rb8 19. Ne6+ Kg8 20. Rxf6 Nxf6 21. Qg5 Kh7 22. Rf1 Rg8 23. Rxf6 Bxe6 24. Rxe6 Qd8 25. Rf6 Rg7 26. d6 Qd7 27. Bf7 Rf8 28. Bxg6+ Kg8 29. Rxf8+ Kxf8 30. Qf6+ Kg8 31. c4 Kh8 32. Qf8+ 1-0

[Event "Zaragoza"]
[Site "?"]
[Date "1993.??.??"]
[Round "?"]
[White "Ulibin, M."]
[Black "Westerinen, H."]
[Result "1-0"]
[WhiteElo "2560"]
[BlackElo "2385"]
[PlyCount "81"]
[EventDate "1993.??.??"]
[Source "ChessBase"]
[SourceDate "1993.06.01"]

1. d4 c5 2. d5 e5 3. Nc3 d6 4. e4 a6 5. a4 Be7 6. Be2 Bg5 7. Bxg5 Qxg5 8. Nf3 Qxg2 9. Rg1 Qh3 10. Rxg7 Qh6 11. Rg5 Nd7 12. Qd2 Nf8 13. Nd1 Ng6 14. Ne3 Bh3 15. Nc4 Rd8 16. b4 cxb4 17. Qxb4 Nh4 18. Rg3 Nxf3+ 19. Bxf3 Bc8 20. Rb1 Ne7 21. Qa3 Rg8 22. Rb6 Rg6 23. Rxg6 Nxg6 24. Nxd6+ Rxd6 25. Rxd6 Qxh2 26. Qc5 Bd7 27. Kd2 h5 28. Rb6 Qf4+ 29. Qe3 h4 30. Rxb7 Bxa4 31. Bh5 h3 32. Bxg6 fxg6 33. Qxf4 exf4 34. e5 g5 35. e6 g4 36. d6 Kf8 37. Rb8+ Kg7 38. d7 h2 39. d8=Q h1=Q 40. Qg5+ Kh7 41. Qg8+ 1-0

[Event "II Campionato Italiano Lampo Online"]
[Site "playchess.com"]
[Date "2007.12.23"]
[Round "1.2"]
[White "Mazzilli, Piero"]
[Black "Tosoni, Augusto"]
[Result "1-0"]
[WhiteElo "2477"]
[BlackElo "2468"]
[PlyCount "81"]
[EventDate "2007.12.23"]
[Source "www.chesslib.no"]
[SourceDate "2004.05.04"]

1. d4 c5 2. d5 e5 3. c4 d6 4. Nc3 g6 5. e4 Bg7 6. g3 Ne7 7. Bg2 O-O 8. Nge2 Na6 9. O-O f5 10. f4 fxe4 11. Nxe4 h6 12. fxe5 Bxe5 13. Bxh6 Rxf1+ 14. Qxf1 Nf5 15. Bg5 Qb6 16. g4 Nd4 17. Nxd4 Bxd4+ 18. Kh1 Bxg4 19. Nf6+ Bxf6 20. Qxf6 Bf5 21. Bh6 Qc7 22. Re1 Qf7 23. Qxd6 Re8 24. Rxe8+ Qxe8 25. h3 Kh7 26. Bg5 Nb4 27. a3 Nd3 28. Qc7+ Kg8 29. Bf6 Qf8 30. Bh4 Qh6 31. Qb8+ Kh7 32. Qxb7+ Kg8 33. Qa8+ Kh7 34. Qxa7+ Kg8 35. Qb8+ Kh7 36. Qc7+ Kg8 37. Qd8+ Kh7 38. Qe7+ Kg8 39. d6 Qd2 40. Bd5+ Kh8 41. Bf6# 1-0

[Event "It (Open) Bar SCG"]
[Site "?"]
[Date "2006.03.20"]
[Round "3"]
[White "Antic Dejan"]
[Black "Kalezic Blazo"]
[Result "0-1"]
[WhiteElo "2505"]
[BlackElo "2435"]
[PlyCount "92"]
[EventDate "2006.??.??"]
[Source "www.chesslib.no"]
[SourceDate "2004.05.04"]

1. d4 c5 2. d5 e5 3. Nc3 d6 4. e4 Be7 5. Be2 Bg5 6. Bxg5 Qxg5 7. Nf3 Qe7 8. Nd2 Nh6 9. Nc4 O-O 10. Qd2 f6 11. O-O Na6 12. Nb5 Rd8 13. f4 Nf7 14. Bh5 g6 15. Be2 Bd7 16. a4 Bxb5 17. axb5 Nc7 18. Na5 Rab8 19. f5 Kg7 20. Ra3 Rh8 21. b4 cxb4 22. Qxb4 a6 23. b6 Nb5 24. Bxb5 axb5 25. Qxb5 Rhc8 26. c4 Rc5 27. Qb4 Ra8 28. fxg6 hxg6 29. Nc6 Qe8 30. Na7 Qd7 31. h3 Ng5 32. Re3 Rh8 33. Nb5 Rh4 34. Nc7 Rf4 35. Ree1 Rh4 36. Re2 Kf7 37. Qb3 Nxh3+ 38. gxh3 Rxh3 39. Re3 Qg4+ 40. Kf2 Rh2+ 41. Ke1 Qg2 42. Qd3 Ra5 43. Re2 Ra1+ 44. Kd2 Ra2+ 45. Kc3 Rxe2 46. Rb1 Rh3 0-1

[Event "Marseille"]
[Site "?"]
[Date "2005.07.01"]
[Round "8.7"]
[White "Epishin Vladimir"]
[Black "Petrossian Armen"]
[Result "1-0"]
[WhiteElo "2605"]
[BlackElo "2330"]
[PlyCount "72"]
[EventDate "2005.??.??"]
[Source "www.chesslib.no"]
[SourceDate "2004.05.04"]

1. d4 c5 2. d5 d6 3. c4 e5 4. e4 Be7 5. Nf3 Bg4 6. Nbd2 Bg5 7. Qa4+ Bd7 8. Qb3 Bxd2+ 9. Nxd2 b6 10. Qg3 Qf6 11. Nb1 Qg6 12. Nc3 Na6 13. f4 Qxg3+ 14. hxg3 Nb4 15. Kd2 Nf6 16. a3 Na6 17. b3 O-O 18. Bb2 Nc7 19. Rh4 Rfb8 20. fxe5 dxe5 21. Nd1 Re8 22. Nf2 h6 23. b4 Na6 24. Bd3 Rad8 25. Bc3 Nh7 26. Rhh1 Ng5 27. Ke3 f6 28. Rhb1 Rb8 29. a4 Rec8 30. Ra3 Nf7 31. b5 Nc7 32. a5 Ra8 33. Rba1 Nd6 34. Nd1 Kf8 35. Nb2 Ke7 36. Na4 Rcb8 1-0

[Event "Kirovakan"]
[Site "Kirovakan"]
[Date "1978.??.??"]
[Round "?"]
[White "Bagirov, Vladimir"]
[Black "Forintos, Gyozo V"]
[Result "1-0"]
[WhiteElo "2495"]
[BlackElo "2435"]
[PlyCount "81"]
[EventDate "1978.??.??"]
[Source "www.chesslib.no"]
[SourceDate "2004.05.04"]

1. d4 g6 2. c4 Bg7 3. Nc3 c5 4. d5 e5 5. e4 d6 6. h4 h5 7. g3 a6 8. a4 Qe7 9. Bh3 Nd7 10. Nf3 Nf8 11. Bxc8 Rxc8 12. Qe2 Nh6 13. Ng5 f6 14. Nh3 Qd7 15. Bd2 Rb8 16. Kf1 Nh7 17. Kg2 O-O 18. Rhf1 b6 19. f4 exf4 20. Nxf4 Qf7 21. Ne6 Rfe8 22. Bf4 Qe7 23. Bxh6 Bxh6 24. Rf2 Kh8 25. Raf1 Rg8 26. Kh1 Rb7 27. g4 hxg4 28. Qxg4 Be3 29. Rg2 Rbb8 30. Ne2 Rbe8 31. Rf3 Bd4 32. N2xd4 cxd4 33. Qf4 Qd7 34. b3 b5 35. axb5 axb5 36. Rfg3 bxc4 37. bxc4 Qa4 38. Rxg6 Rxg6 39. Rxg6 Rb8 40. Rg1 Qxc4 41. Qg4 1-0